000 00619nam a2200217 a 4500
008
020 _a0273028847 (pbk)
049 _aMAIN
090 _aHF5691
100 1 _aCoult, Helen V.
245 1 0 _aBusiness calculations for bankers /
_cHelen V. Coult.
260 _aLondon :
_bPitman,
_c1990.
300 _aix, 309 p. ;
_c25cm.
440 _aBanking certificate series.
650 0 _aBanks and banking
_zGreat Britain
_xAccounting.
907 _a.b1007417x
_b21-01-04
_c17-04-03
003
005 20230123133249.0
040 _cNUST
942 _cBOOKS
_kHF5691
999 _c145579
_d145579